000 00774nam a22002177a 4500
999 _c64152
_d64152
005 20240530110717.0
008 180306s2014 ua a g b 000 0 ara d
020 _a9782370740502
040 _aEG-CaGPL
_cEG-CaGPL
082 0 4 _221
_a709.04063\
_bب ج
100 1 _aبردويل ، سام
_eمشرف
245 1 0 _aجماعة الفن والحرية :
_bالانشقاق : الحرب والسريالية فى مصر 1948 - 1938 /
_cسام بردويل ، تيل فيلراث .
250 _aط.1
300 _a246 ص. ؛
_c28 سم.
650 0 7 _2qrmak
_aالسيريالية
650 0 7 _2qrmak
_aالحرية فى الفن
650 0 7 _2qrmak
_aالفن
700 1 _aفيلراث ، تيل
_eمشرف مشارك
942 _2ddc
_cBK